Australian cities multiple choice: Wangaratta - Statistics

General Stats
  • This quiz has been taken 20 times
  • The average score is 11 of 15
Answer Stats
Question Answer % Correct
What can sometimes be seen at Briens Gorge? A waterfall
100%
Where are the Pangerang Memorial, the Wangaratta Tennis Club, a sound shell, and a sunken garden of eucalypts? Merriwa Park
100%
What was the name of Wangaratta between 1838 and 1848? Ovens
100%
What is/are the northern beaches? Riverside parks
100%
The junction of which two rivers is in Frank Garth Park? The Ovens and the King
100%
Wangaratta is in which state? Victoria
100%
Why did the population of Wangaratta boom in the early 1850s? Gold rush in the region
75%
Which company used to make computers in Wangaratta? IBM
75%
Wangaratta hosts an annual festival dedicated to what types of music? Jazz and blues
75%
In the language of the Bpangerang people, what does Wangaratta mean? Long neck of the cormorant
75%
The headless body of which bushranger is buried in the Chinese section of the Wangaratta cemetery? Mad Dog Morgan
75%
William Wardell designed St Mary's Cathedral, Sydney; St John's College at the University of Sydney; Victoria's Government House; the magnificent ES&A Bank in Melbourne, and which building in Wangaratta? St Patrick's Church
75%
What was the original function of the structure near Wangaratta station that is covered in artwork and lit up at night? Water tower
50%
Which Australian Prime Minister grew up in Wangaratta? John McEwen
25%
Which local farmer and newspaper proprietor became State Premier? John Bowser
0%
No matching quizzes found
Score Distribution
Percent of People with Each Score
Percentile by Number Answered
Your Score History
You have not taken this quiz